| 000 | 01195cam a2200301 i 4500 | ||
|---|---|---|---|
| 001 | 56211 | ||
| 003 | Mx-PuUPA | ||
| 005 | 20250618130625.0 | ||
| 008 | 140415s1946 sp gr 000 0 spa d | ||
| 040 |
_aMx-PuUPA _bspa _cMx-PuUPA _dMx-PuUPA _erda |
||
| 041 | 0 | _aspa | |
| 100 | 1 |
_aCamus, Jean Pierre, _c Ob. de Belley, _d1584-1652 _eautor |
|
| 245 | 1 | 3 |
_aEl espíritu de San Francisco de Sales. _nTomo III. _pColección de varios fragmentos de los sermones, pláticas y cartas de Monseñor Juan-Pedro Camús Obispo de Belley / _cJean Pierre ; versión castellana por Francisco Javier Ysart |
| 264 | 1 |
_aBarcelona : _bEditorial Balmes, _c1946 |
|
| 300 |
_a579 páginas ; _c17 cm |
||
| 336 |
_2rdacontent _atexto _btxt |
||
| 337 |
_2rdamedia _asin medio _bn |
||
| 338 |
_2rdacarrier _avolumen _bnc |
||
| 600 |
_aFrancisco de Sales, San, Obispo - 1567-1622 _vBiografías |
||
| 650 | 7 |
_2armarc _aObras anteriores a 1800 |
|
| 650 |
_aarmarc _xVida cristiana |
||
| 650 | 7 |
_aarmarc _xEspiritualidad |
|
| 650 | 7 |
_2armarc _aIglesia Católica _xHistoria |
|
| 700 | 1 |
_aYsart, Francisco Javier, _etraductor |
|
| 942 |
_2ddc _cLI _h248.4 _iC72 |
||
| 999 |
_c56211 _d56211 |
||